000 00371 a2200157 4500
001 152060
040 _cEscola São Tomás de Aquino
100 _aPELLEGRINI, Domingos
240 1 0 _aA árvore que dava dinheiro
_lpor
245 1 0 _aA árvore que dava dinheiro
300 _a128
362 0 _a2009
440 1 _aModerna
697 _a*LITERATURA JUVENIL
942 _cBK
999 _c152060
_d152060